| 000 | 00624nam a22001817a 4500 | ||
|---|---|---|---|
| 999 |
_c194954 _d194954 |
||
| 005 | 20230202153545.0 | ||
| 010 | _aENG-119497 | ||
| 020 | _c75.00 | ||
| 035 | _aEN-119497 | ||
| 037 | _bDBAD/PUB | ||
| 082 | _a363.96 | ||
| 100 | _aMaududi, Sayyid Abul A'la | ||
| 245 |
_aBirth Control: _bIts Social, Political, Economic Moral and Religious Aspects/ _cby Sayyid Abul A'la Maududi |
||
| 260 |
_aNew Delhi _bMarkazi Maktaba Islami Publishers _c2012 |
||
| 270 |
_aD-307, Dawat Nagar, Abul Fazl Enclave Jamia Nagar, Okhla _bNew Delhi _e110025 |
||
| 300 |
_a166p. _c22cm(pbk) |
||
| 942 |
_2ddc _cEN _h363.96 _mMAU |
||